<?xml version="1.0" encoding="UTF-8"?>
<marc:record xmlns:marc="http://www.loc.gov/MARC21/slim">
   <marc:leader>00000nam a2200000 a 4500</marc:leader>
   <marc:datafield ind1=" " ind2=" " tag="653">
      <marc:subfield code="a">ab 12</marc:subfield>
   </marc:datafield>
   <marc:datafield ind1=" " ind2=" " tag="653">
      <marc:subfield code="a">Vietnam</marc:subfield>
   </marc:datafield>
   <marc:datafield ind1=" " ind2=" " tag="653">
      <marc:subfield code="a">Vietnamkrieg</marc:subfield>
   </marc:datafield>
   <marc:datafield ind1=" " ind2=" " tag="653">
      <marc:subfield code="a">DVD</marc:subfield>
   </marc:datafield>
   <marc:datafield ind1=" " ind2=" " tag="653">
      <marc:subfield code="a">Jugendfilm</marc:subfield>
   </marc:datafield>
   <marc:datafield ind1=" " ind2=" " tag="653">
      <marc:subfield code="a">Radiosender</marc:subfield>
   </marc:datafield>
   <marc:datafield ind1="0" ind2="0" tag="245">
      <marc:subfield code="a">Good Morning Vietnam</marc:subfield>
   </marc:datafield>
   <marc:datafield ind1=" " ind2="1" tag="264">
      <marc:subfield code="b">Buena Vista Home Entertainment</marc:subfield>
      <marc:subfield code="c">2002</marc:subfield>
   </marc:datafield>
   <marc:datafield ind1="1" ind2=" " tag="490">
      <marc:subfield code="a">Special Edition</marc:subfield>
   </marc:datafield>
   <marc:datafield ind1="1" ind2=" " tag="520">
      <marc:subfield code="a">Vietnamkrieg 1965. US-Präsident Johnson nennt es einen "Polizeieinsatz", aber in der grünen Hölle des Dschungels krepieren nicht nur die Ratten. Der Vietkong lauert hinter jeder Ecke und niemand weiß, wer Freund und wer Feind ist. Die Lage wird kritisch und die Moral ist gleich Null. Da kommt Disc-Jockey Adrian Cronauer! Mit seinem Radiosender macht er allen Feuer unterm Hintern - mit Musik, genauso heiß wie das Wetter - und das ist verdammt heiß! Über Nacht wird er der absolute Truppenliebling. Bis er sich in eine Vietnamesin verliebt...und auf einmal im wahrsten Sinne des Wortes "zwischen den Fronten" steht!</marc:subfield>
   </marc:datafield>
</marc:record>
